000 01100nas a2200337 4500
001 BR2022000880
003 BR-BrBNA
005 20231205132318.0
007 ta
008 230509b bl.|||p| |||| 00| 00por d
040 _aBR-BrBNA
_bpor
_cBiblioteca Nacional de Agricultura
041 _a(Pt)
072 _aL73; L70
100 1 _aGarro, F.L.
100 1 _aSantos, T.M.
100 1 _aAssis, D.C.S.
100 1 _aHeneine, L.G.D.
100 1 _aOrnellas, C.B.D.
100 1 _aPinto, P.S.A.
100 1 _aSantos,W.L.M.
245 1 _aDiagnóstico do complexo teníase-cisticercose bovina em São João Evangelista, Minas Gerais, Brasil
650 _aBOVINO
650 _aDOENÇA ANIMAL
650 _aCISTICERCOSE
650 _aINSPEÇÃO SANITÁRIA
650 _aMINAS GERAIS
773 0 _tArquivo Brasileiro de Medicina Veterinária e Zootecnia (Brazil)
_xISSN 1678-4162
_g(2015), v. 67(4) p. 1063-1069
_wBR2022000880
856 4 0 _uhttps://www.scielo.br/j/abmvz/a/Fwhr4dTPLbHfbfX6LKNGWfv/?format=pdf lang=pt
909 _a202311
_bLúcia
_c55
_dLúcia Elande
942 _2AGRIS
_n0
_cANA
999 _c259637
_d259637